Teoría y problemas de estadística aplicada a la administración y la economía

Uloženo v:
Podrobná bibliografie
Hlavní autor: Kazmier, Leonard J (Autor)
Médium: Kniha
Jazyk:španělština
Vydáno: Ciudad de México McGraw-Hill 1978
Edice:Compendios Schaum
Témata:
Tagy: Přidat tag
Žádné tagy, Buďte první, kdo vytvoří štítek k tomuto záznamu!

MARC

LEADER 00000nam a2200000 a 4500
001 UCT9059
003 CL-VaPUC
008 970404e19780000MX |||||||||||||||||spa|d
082 0 4 |a 519.5  |b KAZ  |2 21 
100 |a Kazmier, Leonard J  |e author  |9 412026 
245 1 0 |a Teoría y problemas de estadística aplicada a la administración y la economía 
300 |a 374 p 
942 |c BK 
945 |d 19970404 00:00:00  |a amoreno 
260 |a Ciudad de México  |b McGraw-Hill  |c 1978 
650 0 |a Estadística   |9 259535 
650 0 |a Estadística aplicada  |9 270522 
650 0 |a Administración  |9 259325 
650 0 |a Economía   |9 255568 
650 0 |a Variables  |9 338106 
650 7 |a MEDIA ARITMETICA  |2 CL-VaPUC  |9 381449 
650 0 |a Probabilidades   |9 260199 
650 7 |a CORRELACION  |2 CL-VaPUC  |9 381450 
650 0 |a Análisis bayesiano  |9 381451 
583 |a last modification  |c 19970404 00:00:00  |k Rodrigo Vera 
490 0 |a Compendios Schaum 
999 |c 257514  |d 257512 
952 |0 0  |1 0  |4 0  |6 519_500000000000000_KAZ_1978  |7 0  |8 A  |9 281018  |a BIBGIM  |b BIBGIM  |d 2019-11-19  |i 1303465  |o 519.5 KAZ 1978  |p 1303465  |r 2025-01-15  |w 2019-11-19  |y BK  |k EST 
952 |0 0  |1 0  |4 0  |6 519_500000000000000_KAZ_1978  |7 0  |8 A  |9 281019  |a BIBGIM  |b BIBGIM  |d 2019-11-19  |i 1303414  |o 519.5 KAZ 1978  |p 1303414  |r 2025-01-15  |w 2019-11-19  |y BK  |k EST